| 000 | 00421nam a22001457a 4500 | ||
|---|---|---|---|
| 005 | 20241109143614.0 | ||
| 008 | 241109b |||||||| |||| 00| 0 eng d | ||
| 020 | _a9788122006186 | ||
| 100 | _aBhardwaj H.R. | ||
| 245 | _aCrime, Criminal Justice and Human Rights | ||
| 260 |
_aNew Delhi, India _bKonark Publishers PVT Ltd. _c2001 |
||
| 300 |
_ax, 219 pages _c22 cm |
||
| 650 |
_2Criminal Juatice _vIndia |
||
| 942 |
_2lcc _cBK _n0 |
||
| 999 |
_c961 _d961 |
||